LEADER 01003nam a2200241 i 4500 001 000000226031 003 CaOOAMICUS 005 20140103000000.0 008 140103s1939 it u000 u fre u 013 $a204933 040 $aSeMil$bita 100 1 $aDabrowski, Eugène.$0(OLS)http://semarc/name/78460 245 13$aLa transfiguration de Jésus /$cpar Eugène Dabrowski. 250 $aEdition française augmentée. 260 $aRome :$bInstitut biblique pontifical,$c1939. 300 $aXV, 191 p. ;$c24 cm. 490 0 $aScripta Pontificii Instituti Biblici ;$v85 650 4$aTrasfigurazione.$0(OLS)http://semarc/subject/8934 830 0$aScripta Pontificii Instituti Biblici ;$v85.$0(OLS)http://semarc/title/8108 850 $aSeMil 852 $aSeMil$W1$xVenegono$y1$m2W III 157$j176377$B176377$CSeMilBibl$Z2$F186917 $81 996 $6245$aLa transfiguration de Jésus$9(OLS)http://semarc/title/323686 996 $6260$aRome :$bInstitut biblique pontifical$9(OLS)http://semarc/publisher/34223 LEADER 01247nas a2200217 i 4500 001 000000217495 003 CaOOAMICUS 005 20121206000000.0 008 121206b1973 it uu u0 0mul r 013 $a196392 040 $aSeMil$bita 245 10$aPolitics and faith :$bInternational bibliography, 1972-june 1973 indexed by computer = Politique et foi : bibliographie internationale, 1972-juin 1973 établie par ordinateur /$cRené Metz, Jean Schlick. 246 01$aPolitique et foi : bibliographie internationale, 1972-juin 1973 établie par ordinateur 260 $aStrasbourg :$bCerdic,$c1973. 300 $a43,8 p. ;$c21 cm. 773 0 $tRIC Supplément.$dStrasbourg : Cerdic, [198?]$w()27777 850 $aSeMil 852 $aSeMil$W1$xVenegono$y1$m2J V 51$j252981$B167909$CSeMilBibl$Z2$F178681 $81 996 $6245$aPolitics and faith :$bInternational bibliography, 1972-june 1973 indexed by computer = Politique et foi : bibliographie internationale, 1972-juin 1973 établie par ordinateur$9(OLS)http://semarc/title/312497 996 $6246$aPolitique et foi : bibliographie internationale, 1972-juin 1973 établie par ordinateur$9(OLS)http://semarc/title/312498 996 $6260$aStrasbourg :$bCerdic$9(OLS)http://semarc/publisher/30828